000 006090000a22001810004500
003 MACL
005 20160503153802.0
008 160503b xxu||||| |||| 00| 0 eng d
040 _aMACL
_cMACL
041 _aHindi
082 _a800 WOD
100 _aवुड, इलेन मिकसिन्‍स
_954981
245 _aइतिहास के पक्ष में
_cइलेन मिकसिन्‍स वुड
260 _bग्रंथ शिल्‍पी
_c2007
_aनई दिल्‍ली
350 _a375
650 _aLiterature Essay
_954982
942 _cHIN
_k800/WOO
_2ddc
999 _c41579
_d41579